000 00721cab a2200229 4500
001 ABS43744
008 090401t1990 xxu||||| |||| 00| 0 eng d
035 _a(Sirsi) u43313
041 _aeng
100 _aKirby, M.
245 _aEnvironmental protection in areas of development pressure
260 _c1990
350 _a0
490 _aTown & Country Planning
_v59(9) September 1990, 236-238(3)
520 _aExamines the Countryside Commission `s strategy for protecting the rural environment and suggests new objectives for Green Belt policy.
650 _aCOUNTRYSIDE
650 _aFARMED LANDSCAPES
650 _aRURAL LAND MANAGEMENT
690 _aRURAL PRACTICE
942 _n0
948 _c04/03/1997
999 _c27678
_d27678